La terapéutica del lenguaje /

Introducción al método terapéutico para niños con alteraciones graves de la comunicación desarrollado por Mildred A. McGinnis.

Guardado en:
Detalles Bibliográficos
Autor principal: Berruecos, María Paz (autor)
Formato: Libro
Idioma:Español
Publicado: México : La Prensa Médica Mexicana, 1997, c1982
Temas:
Etiquetas: Agrega una etiqueta
Sin etiquetas, Sé el primero en etiquetar este registro!

MARC

LEADER 00000nam^a2200000^a^4500
001 000098611
005 20250521000000.0
009 20260310093059.081
020 |a 968-435-033-3 
037 |a Acervo ITESO - Biblioteca 
041 |a ESP 
082 |a 616. 855  |b BER 
100 |a Berruecos, María Paz  |e (autor) 
245 1 3 |a La terapéutica del lenguaje /  |c M.P. Berruecos. 
264 4 |a México :  |b La Prensa Médica Mexicana,  |c 1997, c1982 
300 |a 182 p. 
336 |a texto  |b txt  |2 rdacontenido 
337 |a sin mediación  |b n  |2 rdamedio 
338 |a volumen  |b nc  |2 rdasoporte 
520 |a Introducción al método terapéutico para niños con alteraciones graves de la comunicación desarrollado por Mildred A. McGinnis. 
649 |a XX 
650 |a Trastornos de la Articulación 
650 |a Trastornos del Lenguaje -  |x Rehabilitación 
650 |a Sordera 
650 |a Psicopatología 
650 |a Psicología Clínica 
650 |a Educación Especial 
650 |a Medicina 
910 |a Fondo General 
920 |a Impresos - Libros 
930 |a Colección General 
905 |a 101 
901 |a 0500033459  |b IT1  |c ACC  |u 20250521 
902 |a https://opac.biblio.iteso.mx/vufind/Record/000098611